| 000 | 01199nam2a2200277 4500 | ||
|---|---|---|---|
| 001 | rc\3044597 | ||
| 005 | 20111007105858.9 | ||
| 035 | _a(NLR Aleph) 007184432 | ||
| 090 |
_a13623722 _c13623722 |
||
| 100 | _a20111007d1935 |||y0rusy50 ca | ||
| 101 | 0 | _arus | |
| 102 | _aRU | ||
| 105 | _ay z ||||| | ||
| 200 | 0 |
_a(Вып. 1) _fСост. Н.С. Дмитриев, И.Г. Керцман, К.А. Пасечник |
|
| 210 | _d1935 | ||
| 215 | _a16 с., 1 с. "Содержание" на обл. | ||
| 300 | _aБез тит. л. | ||
| 461 | 0 |
_1001rc\3044596 _12000#$aБюллетень о ходе Всесоюзного конкурса ВСНИТО на лучшую научно-исследовательскую работу ячеек НИТО сахаропромышленности$eВып. 1-$fОтв. и науч. ред. проф. Тищенко И.А.$gОргбюро ВНИТО сахарной пром-сти$v(Вып. 1) |
|
| 702 | 1 |
_aДмитриев _bН. С. _4220 |
|
| 702 | 1 |
_aКерцман _bИ. Г. _4220 |
|
| 702 | 1 |
_aПасечник _bК. А. _4220 |
|
| 801 | 0 |
_aRU _bNLR _gpsbo |
|
| 801 | 1 |
_aRU _bELAR _2rusmarc |
|
| 852 |
_aNLR _j35-17/205(1) |
||
| 942 | _cBOOK | ||
| 980 | _aNB | ||